| 000 | 00505nam a2200169 i 4500 | ||
|---|---|---|---|
| 001 | 150701 | ||
| 003 | ES-MaACL | ||
| 005 | 20250921063034.0 | ||
| 007 | t| | ||
| 008 | 071106q19001950sp ||||1| spa d | ||
| 100 | 1 |
_aDoyle, Arthur Conan, _cSir, _d1859-1930 _945552 |
|
| 245 | 1 | 0 |
_aNuevos triunfos de Sherlock Holmes / _cArturo Conan-Doyle. |
| 260 |
_aMadrid : _bEditorial EspaƱola Americana, _c[19--?] |
||
| 300 |
_a208 p. ; _c18 cm. |
||
| 852 |
_aES-MaACL _jD-831 |
||
| 999 |
_c150701 _d150701 |
||